Los matrimonios mixtos
Wedi'i Gadw mewn:
| Fformat: | Llyfr |
|---|---|
| Iaith: | Sbaeneg |
| Cyhoeddwyd: |
Madrid
El Perpetuo Socorro
1964
|
| Pynciau: | |
| Tagiau: |
Ychwanegu Tag
Dim Tagiau, Byddwch y cyntaf i dagio'r cofnod hwn!
|
MARC
| LEADER | 00000nam a2200000 a 4500 | ||
|---|---|---|---|
| 001 | UCQ2189 | ||
| 003 | CL-VaPUC | ||
| 008 | 980721e19640000SP |||||||||||||||||spa|d | ||
| 082 | 0 | 4 | |a 234.165 |b LOS |2 21 |
| 245 | 1 | 4 | |a Los matrimonios mixtos |
| 300 | |a 24 p | ||
| 942 | |c BK | ||
| 945 | |d 19980721 00:00:00 |a aalvarez | ||
| 260 | |a Madrid |b El Perpetuo Socorro |c 1964 | ||
| 600 | 0 | |a Iglesia católica |9 255129 | |
| 650 | 7 | |a MATRIMONIOS MIXTOS |2 CL-VaPUC |9 382234 | |
| 583 | |a last modification |c 19980721 00:00:00 |k Rodrigo Vera | ||
| 999 | |c 273028 |d 273026 | ||
| 952 | |0 0 |1 0 |4 0 |6 234_165000000000000_LOS_1964 |7 0 |8 A |9 308279 |a BIBTEO |b BIBTEO |d 2019-11-20 |i 3383555 |o 234.165 LOS 1964 |p 3383555 |r 2025-01-17 |w 2019-11-20 |y BK |k ICR | ||